00466nam a2200145Ia 4500008004100000020001000041040001700051041001200068082001800080100002100098245009300119260003300212300001800245500005700263230917s9999||||xx |||||||||||||| ||und|| cRS599 e252452aMAIN aEnglish a658.472 M662B aMinelli, Michael 0aBig analytics: Emerging business intelligence and analytic trends for today's businesses aNew DelhibWiley Indiac2018 axxiii, 187 p. a3371 20/12/2018 APD19/1089548 19/01/2019 Main Budget